000 00606nam a2200181Ia 4500
005 20250508155748.0
008 008 250505s9999 xx 000 0 eng d
037 _aDissertations
040 _aFEDL
_beng
_cFEDL
041 _aeng
_2eng
084 _a510.7, COM/DI
_qFEDL
245 0 _aComparative study of the psychological abilities involved in the learning of higher and lower mathematics at the higher secondary level in Delhi
260 _c1973
300 _a77p.
546 _aM. Ed. Dissertration (Delhi University)
942 _cDIS
_h510.7, COM/DI
999 _c1359173
_d1359173